Revista Genero & Direito

Detalles Bibliográficos
Formato: Desconocido
Lenguaje:portugués
Publicado: Brasil : Universidade Federal da Parab̕a
Materias:
Acceso en línea:Acceso restringido

MARC

LEADER 00000ny a22000003n 4500
005 20110513120835.0
008 101119c20109999bl fr pss 0 a0por d
022 |a 2177-0409 
035 |a 5028  
040 |a BUS  |d vLex 
090 |c 1867  |d 1867 
245 3 0 |a Revista Genero & Direito  |h [Recurso electrn̤ico] 
246 3 3 |a Genero e Direito  
256 |a Servicio en ln̕ea 
260 |a Brasil :  |b Universidade Federal da Parab̕a  
310 |a Semestral 
506 1 |a Contenido solo disponible en los productos indicados  |d vLex Global  |d vLex Global (Academic Edition, excluding Law Schools)  |d vLex Global (U.S. Academic Edition, Law Schools)  |d vLex Global (U.S. Academic Edition, excluding Law Schools)  |d vLex Global (Academic Edition, Law Schools) 
650 0 4 |a Feminismo  |x Publicaciones perid̤icas 
650 0 4 |a Mujeres  |x Derecho  |x Publicaciones perid̤icas 
740 0 |a vLex Revista (Servicios en ln̕ea) 
843 |a Electrn̤ica. Abierta 
853 |8 1  |i (year)  |j (month)  |k (day) 
856 4 |z Acceso restringido  |u http://vlex.com/account/login_ip?fuente_id=5028  
942 |c REV